| Tag |
First Indicator |
Second Indicator |
Subfields |
| LEADER |
00000cam a2200000Ka 4500 |
| 001 |
in00001770513 |
| 005 |
20151025092344.0 |
| 008 |
841004s1818 au a 000 1 ger d |
| 020 |
|
|
|c $109.66
|
| 020 |
|
|
|c $217.35
|
| 035 |
|
|
|a (OCoLC)ocm11226496
|
| 040 |
|
|
|a DRB
|c DRB
|d OCLCQ
|d TXA
|d UtOrBLW
|
| 041 |
1 |
|
|a ger
|h spa
|
| 049 |
|
|
|a TXAM
|
| 090 |
|
|
|a PQ6331
|b .A2 1818
|
| 100 |
1 |
|
|a Cervantes Saavedra, Miguel de,
|d 1547-1616.
|
| 240 |
1 |
0 |
|a Don Quixote.
|l German
|
| 245 |
1 |
0 |
|a Leben und thaten des scharfisinnigen edlen Don Quixote von la Mancha /
|c von Miguel de Cervantes Saavedra ; übersetzt von Ludwig Tieck.
|
| 250 |
|
|
|a Neue verb. aufl. /
|b wörtlich nach dem originale.
|
| 264 |
|
1 |
|a Wien :
|b L. Grund,
|c 1818.
|
| 300 |
|
|
|a 5 volumes :
|b illustrations ;
|c 17 cm.
|
| 336 |
|
|
|a text
|b txt
|2 rdacontent
|
| 337 |
|
|
|a unmediated
|b n
|2 rdamedia
|
| 338 |
|
|
|a volume
|b nc
|2 rdacarrier
|
| 580 |
|
|
|a Forms part of The Eduardo Urbina Cervantes Project Collection.
|
| 994 |
|
|
|a E0
|b TXA
|
| 948 |
|
|
|a cataloged
|b h
|c 2003/8/28
|d c
|e mzajicek
|f 4:16:08 pm
|
| 999 |
|
|
|a MARS
|
| 999 |
f |
f |
|s 7a7b1e41-f665-36cc-831d-4ca05e58327b
|i b8f80632-4600-3da5-9c36-d6be0d4d60b6
|t 0
|
| 952 |
f |
f |
|p noncirc
|a Texas A&M University
|b College Station
|c Cushing Memorial Library & Archives
|d Cushing: Rare Books (Does not check out)
|t 0
|e PQ6331 .A2 1818
|h Library of Congress classification
|i unmediated -- volume
|k t.5
|
| 952 |
f |
f |
|p noncirc
|a Texas A&M University
|b College Station
|c Cushing Memorial Library & Archives
|d Cushing: Rare Books (Does not check out)
|t 0
|e PQ6331 .A2 1818
|h Library of Congress classification
|i unmediated -- volume
|k t.4
|
| 952 |
f |
f |
|p noncirc
|a Texas A&M University
|b College Station
|c Cushing Memorial Library & Archives
|d Cushing: Rare Books (Does not check out)
|t 0
|e PQ6331 .A2 1818
|h Library of Congress classification
|i unmediated -- volume
|k t.1
|
| 952 |
f |
f |
|p noncirc
|a Texas A&M University
|b College Station
|c Cushing Memorial Library & Archives
|d Cushing: Rare Books (Does not check out)
|t 0
|e PQ6331 .A2 1818
|h Library of Congress classification
|i unmediated -- volume
|k t.5
|
| 952 |
f |
f |
|p noncirc
|a Texas A&M University
|b College Station
|c Cushing Memorial Library & Archives
|d Cushing: Rare Books (Does not check out)
|t 0
|e PQ6331 .A2 1818
|h Library of Congress classification
|i unmediated -- volume
|k t.3
|
| 952 |
f |
f |
|p noncirc
|a Texas A&M University
|b College Station
|c Cushing Memorial Library & Archives
|d Cushing: Rare Books (Does not check out)
|t 0
|e PQ6331 .A2 1818
|h Library of Congress classification
|i unmediated -- volume
|k t.2
|
| 998 |
f |
f |
|a PQ6331 .A2 1818
|s t.5
|t 0
|l Cushing: Rare Books (Does not check out)
|
| 998 |
f |
f |
|a PQ6331 .A2 1818
|s t.1-t.5
|t 0
|l Cushing: Rare Books (Does not check out)
|